00278nam a2200097Ia 4500008004100000082000800041100001300049245009700062942000600159999001500165240331s9999 xx 000 0 und d bETH aICES. ed 0aEthnic identity and the status of women :bReport on an international workshop-Sep.9-11,1984 cL c2007d2007